00614nab a2200181 uc450000100070000000500170000700800410002403500110006503500210007604000130009704100080011024500860011865000240020465000480022865000360027665000250031277300950033730567420240519091024.0980911e19960801 spa  a305674 a(OCoLC)819767429 ccomduadb aspa10aBibliografia seleccionada sobre didactica de la matematica apoyada por computador 7aMatemáticas2lemb 7aEnseñanza con ayuda de computadores2lemb aInformática en la educación 7aBibliografía2lemb0 tInformática Educativa (Bogotá)gVol.09,No.02,Ago., p. 151-172w292560z0121277X097490